000 00961cab a2200205 4500
001 ##L133699
008 060605n2006 000 0 eng u
035 _a(Sirsi) u133699
041 0 _aeng
100 1 _aChamberlain, Linda
245 0 0 _aE-conveyancing tranches
260 _c2006
490 0 _aNew Law Journal
_v156(7225) 19 May 2006, 825(1)
520 _aExplains the stages involved in fulfilling Land Registry's plans to roll out an e-conveyancing system in England and Wales. E-conveyancing will be released in five tranches between 2006 and 2010. Describes tranches one and two due in Autumn 2006 and October 2007 respectively and looks at e-signature prototype testing and the electronic funds transfer service. Provides an e-conveyancing timeline.
590 _aIKA060606 NTK
650 2 4 _aECONVEYANCING
651 4 _aEngland and Wales
_y1543-
690 _aPROPERTY-PROPERTY ACQUISITION AND DISPOSAL-CONVEYANCING-ECONVEYANCING
942 _n0
999 _c77161
_d77161